00275nam a2200121Ia 4500008004100000100002600041245001600067260002600083300000700109650001300116942000700129999001700136190216s9999||||xx |||||||||||||| ||und|| aShankaranarayanan T K 0aUlsavaboomi bPoorna Pubs Kozhikode a94 aKathakal cBK c27788d27788